Education for innovation

محفوظ في:
التفاصيل البيبلوغرافية
المؤلف الرئيسي: Simone, Daniel V. De
التنسيق: كتاب
اللغة:Undetermined
منشور في: Oxford Pergamon Press 1968
الموضوعات:
الوسوم: إضافة وسم
لا توجد وسوم, كن أول من يضع وسما على هذه التسجيلة!
Thư viện lưu trữ: Trung tâm Học liệu Trường Đại học Cần Thơ
LEADER 00499nam a2200193Ia 4500
001 CTU_85261
008 210402s9999 xx 000 0 und d
082 |a 620 
082 |b S598 
100 |a Simone, Daniel V. De 
245 0 |a Education for innovation 
245 0 |c Daniel V. De Simone 
260 |a Oxford 
260 |b Pergamon Press 
260 |c 1968 
650 |a Engineering 
650 |x Study and teaching 
904 |i Năm 
980 |a Trung tâm Học liệu Trường Đại học Cần Thơ